[Event "SD-2014-0-00197"]
[Site "LSS email"]
[Date "2014.07.26"]
[Round "?"]
[White "Correa de Almeida, Claudio"]
[Black "Draba, Henryk"]
[Result "1-0"]
[WhiteElo "1545"]
[BlackElo "1414"]
[PlyCount "73"]
[EventDate "2014.06.04"]
[EventType "tourn (corr)"]
[EventRounds "6"]
[EventCountry "GER"]
[SourceTitle "Corr 2015"]
[Source "ChessBase"]
[SourceDate "2015.07.17"]
[SourceVersion "1"]
[SourceVersionDate "2015.07.17"]
[SourceQuality "1"]

1. d4 d5 2. Bg5 Nc6 3. e3 h6 4. Bh4 g5 5. Bg3 Nf6 6. Nc3 Bf5 7. Bd3 e6 8. Bxf5 exf5 9. Be5 Nxe5 10. dxe5 Ne4 11. Nge2 c6 12. Nd4 Qe7 13. Nxf5 Nxc3 14. bxc3 Qxe5 15. Qd4 f6 16. Qxe5+ fxe5 17. h4 g4 18. Rb1 Rh7 19. f3 gxf3 20. gxf3 Rf7 21. e4 b5 22. Rg1 0-0-0 23. Rd1 Rf6 24. h5 Rd7 25. Rg6 Rdf7 26. Kd2 Kd7 27. Rdg1 Rxf5 28. exf5 Rxf5 29. Ke2 a5 30. Rh1 a4 31. Rh3 Kc7 32. Rh1 Kb6 33. Rh2 Kc5 34. Re6 Kc4 35. Rxc6+ Bc5 36. Rxh6 Kxc3 37. Rc6 1-0

[Event "SD-2014-0-00197"]
[Site "LSS email"]
[Date "2014.07.26"]
[Round "?"]
[White "Draba, Henryk"]
[Black "Glowinski, Daniel"]
[Result "0-1"]
[WhiteElo "1414"]
[BlackElo "1482"]
[PlyCount "64"]
[EventDate "2014.06.04"]
[EventType "tourn (corr)"]
[EventRounds "6"]
[EventCountry "GER"]
[SourceTitle "Corr 2015"]
[Source "ChessBase"]
[SourceDate "2015.07.17"]
[SourceVersion "1"]
[SourceVersionDate "2015.07.17"]
[SourceQuality "1"]

1. e4 e5 2. Nf3 Nf6 3. Nc3 Nc6 4. Bb5 Bc5 5. Bxc6 dxc6 6. d3 Qe7 7. Bg5 Bg4 8. h3 Bh5 9. g4 Bg6 10. Qe2 0-0 11. 0-0-0 Bb4 12. Bd2 a5 13. h4 h5 14. gxh5 Bxh5 15. a3 Bxa3 16. Rdg1 Bb4 17. Na2 Bxd2+ 18. Kxd2 Qe6 19. Nc3 a4 20. Rg5 b5 21. Rhg1 g6 22. Rxe5 Qd6 23. Rf5 Ng4 24. e5 Qb4 25. Rxh5 Qf4+ 26. Kd1 gxh5 27. Nh2 Kh8 28. Nxg4 Rg8 29. f3 a3 30. Qd2 Qxf3+ 31. Ne2 Rg6 32. Nf6 Rxg1+ 0-1

[Event "SD-2014-0-00197"]
[Site "LSS email"]
[Date "2014.07.26"]
[Round "?"]
[White "Sandocal, Uzmir"]
[Black "Draba, Henryk"]
[Result "1-0"]
[WhiteElo "1688"]
[BlackElo "1414"]
[PlyCount "61"]
[EventDate "2014.06.04"]
[EventType "tourn (corr)"]
[EventRounds "6"]
[EventCountry "GER"]
[SourceTitle "Corr 2015"]
[Source "ChessBase"]
[SourceDate "2015.07.17"]
[SourceVersion "1"]
[SourceVersionDate "2015.07.17"]
[SourceQuality "1"]

1. e4 e5 2. Bc4 Nf6 3. Nc3 Nc6 4. Nf3 Nxe4 5. Nxe5 Nxe5 6. Bxf7+ Nxf7 7. Nxe4 d5 8. Ng3 Qe7+ 9. Qe2 Qxe2+ 10. Nxe2 Bf5 11. d3 Kd7 12. Bf4 Re8 13. Kd2 g5 14. Be3 c5 15. h4 g4 16. Ng3 Be6 17. Nh5 Nd6 18. Nf6+ Ke7 19. Nxe8 Kxe8 20. Rae1 Kd7 21. Bxc5 Nc4+ 22. dxc4 Bxc5 23. Re5 Bd4 24. Re2 Bxb2 25. Rhe1 Bf5 26. Rb1 Bd4 27. Rb5 Be4 28. Rxe4 dxe4 29. Rd5+ Ke6 30. Rxd4 Rf8 31. Rxe4+ 1-0

[Event "RD-2014-0-00105"]
[Site "LSS email"]
[Date "2014.07.01"]
[Round "?"]
[White "Draba, Henryk"]
[Black "Lipsits, Sasha"]
[Result "1-0"]
[WhiteElo "1392"]
[BlackElo "1505"]
[PlyCount "53"]
[EventDate "2014.03.26"]
[EventType "tourn (corr)"]
[EventRounds "6"]
[EventCountry "GER"]
[SourceTitle "Corr 2015"]
[Source "ChessBase"]
[SourceDate "2015.07.17"]
[SourceVersion "1"]
[SourceVersionDate "2015.07.17"]
[SourceQuality "1"]

1. d4 d5 2. Nc3 Bf5 3. f3 e6 4. e4 dxe4 5. fxe4 Bg6 6. Nf3 Bb4 7. Bd3 Ne7 8. a3 Bxc3+ 9. bxc3 a6 10. Rb1 b5 11. a4 c6 12. 0-0 Nd7 13. Qe1 Nb6 14. axb5 axb5 15. Bf4 Bh5 16. Qg3 Na4 17. Qxg7 Rg8 18. Qxh7 Bg6 19. Qh4 Nxc3 20. Rbe1 Ra7 21. Qf6 Ra8 22. Bg5 Ra3 23. Kh1 Qd6 24. Ne5 Rf8 25. Nxg6 Nxg6 26. e5 Qe7 27. Qf3 1-0

[Event "SC-2014-0-00229"]
[Site "LSS email"]
[Date "2014.06.16"]
[Round "?"]
[White "Perez, Alberto F"]
[Black "Draba, Henryk"]
[Result "1-0"]
[WhiteElo "1816"]
[BlackElo "1392"]
[PlyCount "93"]
[EventDate "2014.05.16"]
[EventType "tourn (corr)"]
[EventRounds "6"]
[EventCountry "GER"]
[SourceTitle "Corr 2015"]
[Source "ChessBase"]
[SourceDate "2015.07.17"]
[SourceVersion "1"]
[SourceVersionDate "2015.07.17"]
[SourceQuality "1"]

1. d4 d5 2. Nf3 Nc6 3. Bf4 Bg4 4. Nbd2 e6 5. e3 Bd6 6. h3 Bh5 7. c3 Bxf4 8. exf4 Qd6 9. g3 Nf6 10. Bd3 0-0-0 11. 0-0 Bg6 12. Qe2 Kb8 13. b4 Bf5 14. Ne5 Rhf8 15. Kh2 h5 16. a4 h4 17. a5 Ka8 18. a6 b6 19. Rae1 Ne7 20. Bxf5 hxg3+ 21. fxg3 Nxf5 22. Kg2 Rc8 23. g4 Ne7 24. Ndf3 Nc6 25. Ng5 Nd8 26. Qd3 c6 27. f5 exf5 28. Qxf5 Rc7 29. Rf3 Rg8 30. Rfe3 Rf8 31. Qf2 c5 32. dxc5 bxc5 33. b5 c4 34. Nef3 Rh8 35. Re5 Kb8 36. R1e2 Rd7 37. Nd4 Qc7 38. Qf4 Ka8 39. Qg3 Qd6 40. Qf3 Rg8 41. Nf5 Qc5 42. Ne7 Rh8 43. Ne4 Nxe4 44. Nxd5 Ne6 45. Qxe4 Rxd5 46. Rd2 Nf4+ 47. Kf1 1-0

[Event "SD-2014-0-00194"]
[Site "LSS email"]
[Date "2014.06.14"]
[Round "?"]
[White "Draba, Henryk"]
[Black "Demidov, Lazar"]
[Result "0-1"]
[WhiteElo "1414"]
[BlackElo "1699"]
[PlyCount "70"]
[EventDate "2014.03.25"]
[EventType "tourn (corr)"]
[EventRounds "6"]
[EventCountry "GER"]
[SourceTitle "Corr 2015"]
[Source "ChessBase"]
[SourceDate "2015.07.17"]
[SourceVersion "1"]
[SourceVersionDate "2015.07.17"]
[SourceQuality "1"]

1. e4 e5 2. Nf3 Nf6 3. Nc3 Nc6 4. d4 exd4 5. Nxd4 Bb4 6. Nxc6 bxc6 7. Bd3 0-0 8. 0-0 d5 9. exd5 cxd5 10. Bg5 c6 11. Qf3 Re8 12. Rfe1 Be6 13. a3 Bd6 14. h3 h6 15. Bh4 a5 16. b3 Rc8 17. Re2 Bd7 18. Rxe8+ Qxe8 19. Kf1 Nh7 20. a4 Ng5 21. Bxg5 hxg5 22. Re1 Qd8 23. Nd1 g4 24. hxg4 g6 25. Ne3 Qg5 26. g3 Re8 27. Re2 Kg7 28. Kg2 Rh8 29. Kf1 Bb4 30. Qf4 Qxf4 31. gxf4 d4 32. Nc4 Bxg4 33. Re5 f6 34. Kg2 fxe5 35. fxe5 g5 0-1

[Event "RD-2014-0-00104"]
[Site "LSS email"]
[Date "2014.06.12"]
[Round "?"]
[White "Draba, Henryk"]
[Black "Cvak, Rudolf"]
[Result "1/2-1/2"]
[WhiteElo "1392"]
[BlackElo "1607"]
[PlyCount "60"]
[EventDate "2014.03.17"]
[EventType "tourn (corr)"]
[EventRounds "6"]
[EventCountry "GER"]
[SourceTitle "Corr 2015"]
[Source "ChessBase"]
[SourceDate "2015.07.17"]
[SourceVersion "1"]
[SourceVersionDate "2015.07.17"]
[SourceQuality "1"]

1. e4 c5 2. Nf3 d6 3. d4 cxd4 4. Nxd4 Nf6 5. Nc3 g6 6. Be3 Bg7 7. f3 0-0 8. Qd2 Nc6 9. Bc4 Bd7 10. 0-0-0 Rc8 11. Bb3 Nxd4 12. Bxd4 b5 13. Nd5 Nxd5 14. Bxg7 Kxg7 15. Bxd5 a5 16. h4 h5 17. g4 e6 18. Bb7 Rb8 19. Bc6 Bxc6 20. Qc3+ Qf6 21. Qxc6 Qxf3 22. gxh5 Qxh5 23. Qxd6 Rbd8 24. Qg3 b4 25. Qf4 Qh6 26. Qxh6+ Kxh6 27. e5 Kh5 28. Rd6 Rc8 29. Rd4 Rc5 30. Re1 Rfc8 1/2-1/2

[Event "SC-2014-0-00228"]
[Site "LSS email"]
[Date "2014.06.10"]
[Round "?"]
[White "Draba, Henryk"]
[Black "Habes, Jiri"]
[Result "1/2-1/2"]
[WhiteElo "1392"]
[BlackElo "1717"]
[PlyCount "106"]
[EventDate "2014.05.16"]
[EventType "tourn (corr)"]
[EventRounds "6"]
[EventCountry "GER"]
[SourceTitle "Corr 2015"]
[Source "ChessBase"]
[SourceDate "2015.07.17"]
[SourceVersion "1"]
[SourceVersionDate "2015.07.17"]
[SourceQuality "1"]

1. e4 e5 2. Nf3 Nc6 3. Bb5 a6 4. Ba4 Bc5 5. 0-0 Nf6 6. c3 b5 7. Bb3 d6 8. a4 Bb7 9. d4 Bb6 10. Bg5 h6 11. Bxf6 Qxf6 12. Bd5 0-0 13. dxe5 dxe5 14. Qe2 Na5 15. axb5 axb5 16. Bxb7 Nxb7 17. Rxa8 Rxa8 18. Qxb5 Nd6 19. Qd5 Ra5 20. Qd3 Ra2 21. b4 Qe6 22. Nbd2 Ra3 23. Ne1 Ra2 24. Nc2 c5 25. Ne3 cxb4 26. cxb4 Bxe3 27. fxe3 Nb5 28. Rf2 Ra1+ 29. Nf1 Qe8 30. Rd2 Ra3 31. Qd8 Ra8 32. Qxe8+ Rxe8 33. Rb2 Nd6 34. Nd2 Kf8 35. Kf2 Ra8 36. Kf3 Ke7 37. g4 Kd7 38. h3 Ra1 39. b5 Ra4 40. h4 Kc7 41. b6+ Kb7 42. Nb3 Nxe4 43. Rb1 f6 44. Na5+ Rxa5 45. Kxe4 Ra2 46. h5 Rd2 47. Kf5 Rd7 48. e4 Rd3 49. Kg6 Rd7 50. Rb2 Re7 51. Rb1 Rd7 52. Rb2 Re7 53. Rb1 Rd7 1/2-1/2

[Event "SC-2014-0-00228"]
[Site "LSS email"]
[Date "2014.06.09"]
[Round "?"]
[White "Draba, Henryk"]
[Black "Bascetta, Biagio J"]
[Result "1/2-1/2"]
[WhiteElo "1392"]
[BlackElo "1549"]
[PlyCount "52"]
[EventDate "2014.05.16"]
[EventType "tourn (corr)"]
[EventRounds "6"]
[EventCountry "GER"]
[SourceTitle "Corr 2015"]
[Source "ChessBase"]
[SourceDate "2015.07.17"]
[SourceVersion "1"]
[SourceVersionDate "2015.07.17"]
[SourceQuality "1"]

1. e4 e6 2. d4 d5 3. Nc3 Nc6 4. Nf3 Nf6 5. e5 Ne4 6. Bd3 Bb4 7. Bd2 Nxd2 8. Qxd2 f6 9. a3 Be7 10. 0-0-0 fxe5 11. dxe5 0-0 12. h4 Rxf3 13. gxf3 Nxe5 14. Be2 Qf8 15. Qe3 Bd6 16. Kb1 Nc6 17. h5 Bf4 18. Qd3 Ne5 19. Qb5 c6 20. Qa4 Bh6 21. Qh4 Nxf3 22. Bxf3 Qxf3 23. Rhg1 Qf8 24. Qd4 Qf5 25. Qh4 Bd7 26. Qb4 Bc8 1/2-1/2

[Event "RC-2014-0-00150"]
[Site "LSS email"]
[Date "2014.05.23"]
[Round "?"]
[White "Brayman, Neal Zvi"]
[Black "Draba, Henryk"]
[Result "1-0"]
[WhiteElo "1839"]
[BlackElo "1670"]
[PlyCount "57"]
[EventDate "2014.03.27"]
[EventType "tourn (corr)"]
[EventRounds "6"]
[EventCountry "GER"]
[SourceTitle "Corr 2022"]
[Source "ChessBase"]
[SourceDate "2021.10.24"]
[SourceVersion "1"]
[SourceVersionDate "2021.10.24"]
[SourceQuality "1"]

1. e4 e5 2. Nf3 Nc6 3. Bb5 a6 4. Ba4 Nf6 5. 0-0 Be7 6. Re1 b5 7. Bb3 d6 8. c3 0-0 9. h3 Na5 10. Bc2 c5 11. d4 Qc7 12. Nbd2 cxd4 13. cxd4 Bb7 14. d5 Rac8 15. Bd3 Nd7 16. Nf1 Nc5 17. Ng3 Nxd3 18. Qxd3 Bf6 19. b3 Ba8 20. Bd2 Nb7 21. b4 Qc2 22. Qe3 g6 23. Rac1 Qa4 24. Rc6 a5 25. Rec1 Rcd8 26. a3 Rfe8 27. Ng5 Rf8 28. Qf3 Bxg5 29. Bxg5 1-0

[Event "RC-2014-0-00150"]
[Site "LSS email"]
[Date "2014.05.23"]
[Round "?"]
[White "Draba, Henryk"]
[Black "Le Duigou, Jean Guy"]
[Result "0-1"]
[WhiteElo "1670"]
[BlackElo "1780"]
[PlyCount "132"]
[EventDate "2014.03.27"]
[EventType "tourn (corr)"]
[EventRounds "6"]
[EventCountry "GER"]
[SourceTitle "Corr 2022"]
[Source "ChessBase"]
[SourceDate "2021.10.24"]
[SourceVersion "1"]
[SourceVersionDate "2021.10.24"]
[SourceQuality "1"]

1. e4 e5 2. Nf3 Nf6 3. Nc3 Nc6 4. Bb5 Bb4 5. 0-0 0-0 6. d3 Bxc3 7. bxc3 d6 8. Bg5 Qe7 9. Re1 Nd8 10. d4 Ne6 11. Bc1 c5 12. a4 Rd8 13. Bd3 Nf8 14. Rb1 Ng6 15. d5 b6 16. Bb5 h6 17. Qd3 Qc7 18. Bd2 a6 19. Bc4 Rf8 20. Ra1 Nh5 21. Qf1 Nhf4 22. Kh1 Kh8 23. Ng1 f5 24. g3 Nh5 25. Qh3 Nf6 26. exf5 Ne7 27. g4 Bb7 28. Nf3 Qd7 29. Bd3 Bxd5 30. Kg1 c4 31. Be2 Kg8 32. Nh4 b5 33. a5 Rae8 34. Bf3 Bxf3 35. Qxf3 g5 36. Ng2 e4 37. Qh3 Nc6 38. Red1 Ne5 39. Ne3 Kg7 40. Bc1 Rh8 41. Ba3 d5 42. Bc5 Nf3+ 43. Kf1 h5 44. gxh5 Rxh5 45. Qg3 Rd8 46. Bb6 Rhh8 47. Bd4 Qb7 48. Ng4 Nxd4 49. Rxd4 Nxg4 50. Qxg4 Kf6 51. Rad1 Rh4 52. Qg3 Qf7 53. Ke1 Rf4 54. Qe3 Kxf5 55. Qd2 Ke5 56. Qe3 Rd6 57. R1d2 Qf5 58. Qg3 Ke6 59. Qg2 Rf3 60. Re2 Rxc3 61. Rdd2 Qf3 62. Qxf3 Rxf3 63. Kf1 Ke5 64. Kg2 d4 65. Kf1 d3 66. cxd3 Rfxd3 0-1

[Event "OP-2014-0-03405"]
[Site "LSS email"]
[Date "2014.05.22"]
[Round "?"]
[White "Draba, Henryk"]
[Black "Babos, Istvan"]
[Result "1-0"]
[WhiteElo "1670"]
[BlackElo "834"]
[PlyCount "29"]
[EventDate "2014.05.16"]
[EventType "tourn (corr)"]
[EventRounds "4"]
[EventCountry "GER"]
[SourceTitle "Corr 2022"]
[Source "ChessBase"]
[SourceDate "2021.10.24"]
[SourceVersion "1"]
[SourceVersionDate "2021.10.24"]
[SourceQuality "1"]

1. e4 e5 2. Nf3 d6 3. d4 Nd7 4. Bc4 c6 5. 0-0 exd4 6. Qxd4 Qe7 7. Nc3 Ngf6 8. Bf4 g6 9. Rae1 Bg7 10. Bxd6 Qd8 11. e5 Nh5 12. Bxf7+ Kxf7 13. Qc4+ Ke8 14. Qe6+ Qe7 15. Qxe7# 1-0

[Event "SC-2014-0-00225"]
[Site "LSS email"]
[Date "2014.05.22"]
[Round "?"]
[White "Draba, Henryk"]
[Black "Gazen, Louis"]
[Result "1/2-1/2"]
[WhiteElo "1392"]
[BlackElo "1800"]
[PlyCount "82"]
[EventDate "2014.04.11"]
[EventType "tourn (corr)"]
[EventRounds "6"]
[EventCountry "GER"]
[SourceTitle "Corr 2015"]
[Source "ChessBase"]
[SourceDate "2015.07.17"]
[SourceVersion "1"]
[SourceVersionDate "2015.07.17"]
[SourceQuality "1"]

1. e4 e5 2. Nf3 Nc6 3. Nc3 Nf6 4. Bb5 Bc5 5. 0-0 0-0 6. Nxe5 Nxe5 7. d4 Bd6 8. dxe5 Bxe5 9. Be3 Bxc3 10. bxc3 Nxe4 11. Qd4 d5 12. c4 Nd6 13. Qxd5 c6 14. Qc5 cxb5 15. Rad1 b6 16. Qc6 Qe7 17. Rxd6 Bb7 18. Rd7 Bxc6 19. Rxe7 bxc4 20. Bd4 Rfe8 21. Rc7 Rec8 22. Re7 f6 23. f3 Rd8 24. c3 Rd7 25. Rfe1 Rad8 26. Kf2 Kf8 27. R7e3 Rd5 28. Re6 Bd7 29. R6e2 h5 30. Re7 Re8 31. R7e4 Rxe4 32. Rxe4 Bf5 33. Re2 Rb5 34. Ke3 Bd3 35. Rd2 Ke7 36. g3 g6 37. h4 Bb1 38. a4 Ra5 39. Rb2 Bf5 40. Rb4 Be6 41. Ke4 Kf7 1/2-1/2

[Event "SC-2014-0-00225"]
[Site "LSS email"]
[Date "2014.05.22"]
[Round "?"]
[White "Hammerschmidt, Volker"]
[Black "Draba, Henryk"]
[Result "1-0"]
[WhiteElo "1854"]
[BlackElo "1392"]
[PlyCount "111"]
[EventDate "2014.04.11"]
[EventType "tourn (corr)"]
[EventRounds "6"]
[EventCountry "GER"]
[SourceTitle "Corr 2015"]
[Source "ChessBase"]
[SourceDate "2015.07.17"]
[SourceVersion "1"]
[SourceVersionDate "2015.07.17"]
[SourceQuality "1"]

1. e4 e5 2. Nf3 Nc6 3. Bb5 a6 4. Ba4 Nf6 5. 0-0 Be7 6. Re1 b5 7. Bb3 d6 8. d3 0-0 9. a4 Bb7 10. Bd2 b4 11. a5 Rb8 12. Bc1 Qd7 13. Nbd2 Qg4 14. h3 Qd7 15. Nc4 Nd8 16. Bd2 c5 17. Nh4 Nxe4 18. Nb6 Qc7 19. Rxe4 Bxe4 20. dxe4 Bxh4 21. Qg4 Be7 22. Bh6 g6 23. h4 Re8 24. h5 Kh8 25. hxg6 fxg6 26. Qf3 Nc6 27. Qf7 Rg8 28. Nd5 Qd8 29. Ba4 Bf8 30. Nf6 Rg7 31. Bxg7+ Bxg7 32. Nd7 Rc8 33. Nb6 Qc7 34. Qd5 Ne7 35. Qc4 Rd8 36. Qxa6 d5 37. Rd1 d4 38. Nc4 Nc8 39. Qe6 Qe7 40. Qxe7 Nxe7 41. a6 Nc8 42. Bc6 Na7 43. Bd5 Bf6 44. Ra1 Rc8 45. Nd6 Rb8 46. Ra5 Rb6 47. Nc4 Rb8 48. Rxc5 Rc8 49. Rxc8+ Nxc8 50. Nd6 Na7 51. Kf1 h5 52. Ke2 Kh7 53. Kd3 Be7 54. Nf7 Bf6 55. Kc4 Be7 56. Nxe5 1-0

[Event "RC-2012-0-00108"]
[Site "LSS email"]
[Date "2012.11.22"]
[Round "?"]
[White "Oliger, Mark L"]
[Black "Draba, Henryk"]
[Result "1-0"]
[WhiteElo "1689"]
[BlackElo "1636"]
[PlyCount "83"]
[EventDate "2012.09.27"]
[EventType "tourn (corr)"]
[EventRounds "6"]
[EventCountry "GER"]
[SourceTitle "Telechess CBM 163"]
[Source "ChessBase"]
[SourceDate "2014.11.11"]
[SourceVersion "2"]
[SourceVersionDate "2014.11.11"]
[SourceQuality "1"]

1. d4 d5 2. c4 Nf6 3. cxd5 Nxd5 4. Nf3 Bf5 5. Qb3 Nc6 6. Nbd2 Nb6 7. e4 Bg6 8. d5 Nb8 9. Ne5 c6 10. h4 f6 11. Nxg6 hxg6 12. Nc4 cxd5 13. Nxb6 axb6 14. exd5 Qd6 15. Bb5+ Nd7 16. g3 g5 17. 0-0 Kf7 18. hxg5 Ne5 19. Bf4 Rd8 20. Bxe5 fxe5 21. Qf3+ Kg8 22. Kg2 g6 23. Rh1 Rxh1 24. Rxh1 Bg7 25. Bd3 Ra8 26. a3 Rf8 27. Qe4 Rf5 28. Qh4 Rf8 29. Be4 Kf7 30. Qg4 b5 31. Rc1 Rb8 32. Qf3+ Kg8 33. Qd3 Kf7 34. Qxb5 Kg8 35. Qb3 Kf8 36. a4 Bh8 37. a5 Bf6 38. gxf6 exf6 39. Bxg6 Rd8 40. Qxb7 Qxd5+ 41. Be4 Qxb7 42. Bxb7 1-0

[Event "RC-2012-0-00107"]
[Site "LSS email"]
[Date "2012.11.09"]
[Round "?"]
[White "Zonneveld, Will"]
[Black "Draba, Henryk"]
[Result "1-0"]
[WhiteElo "1761"]
[BlackElo "1623"]
[PlyCount "109"]
[EventDate "2012.09.18"]
[EventType "tourn (corr)"]
[EventRounds "6"]
[EventCountry "GER"]
[SourceTitle "Telechess CBM 159"]
[Source "ChessBase"]
[SourceDate "2014.03.17"]
[SourceVersion "1"]
[SourceVersionDate "2014.03.17"]
[SourceQuality "1"]

1. d4 d5 2. c4 Nf6 3. Nc3 Nc6 4. cxd5 Nxd5 5. e4 Nxc3 6. bxc3 e5 7. d5 Nb8 8. Nf3 Bd6 9. Be2 0-0 10. 0-0 Nd7 11. Be3 Qf6 12. a4 a5 13. Re1 Nc5 14. Qc2 b6 15. Bb5 h6 16. Rab1 Bb7 17. Nd2 Qg6 18. Rec1 f5 19. exf5 Qxf5 20. Qxf5 Rxf5 21. c4 Rd8 22. f3 e4 23. Nxe4 Nxe4 24. fxe4 Re5 25. c5 bxc5 26. Bxc5 Rxe4 27. Bd3 Bxc5+ 28. Rxc5 Rb4 29. Rxb4 axb4 30. a5 Kf8 31. Bc4 Rd6 32. Rxc7 Ba6 33. Bb3 Rf6 34. h4 g5 35. hxg5 hxg5 36. Kh2 Ke8 37. Kg3 Kd8 38. Rg7 Bf1 39. Rxg5 Ra6 40. Kf2 Bd3 41. Ke3 Bb1 42. d6 Rxd6 43. Rd5 Kc7 44. Rxd6 Kxd6 45. Kd4 Bf5 46. Kc4 Kd7 47. Kxb4 Kc6 48. Ba4+ Kc7 49. Bd1 Bd3 50. g4 Kd6 51. g5 Ba6 52. Bb3 Ke7 53. Bc4 Bb7 54. a6 Be4 55. Kc5 1-0

[Event "RC-2012-0-00105"]
[Site "LSS email"]
[Date "2012.10.11"]
[Round "?"]
[White "Draba, Henryk"]
[Black "Amartsev, Petr"]
[Result "1/2-1/2"]
[WhiteElo "1636"]
[BlackElo "1762"]
[PlyCount "77"]
[EventDate "2012.08.10"]
[EventType "tourn (corr)"]
[EventRounds "6"]
[EventCountry "GER"]
[SourceTitle "Telechess CBM 163"]
[Source "ChessBase"]
[SourceDate "2014.11.11"]
[SourceVersion "2"]
[SourceVersionDate "2014.11.11"]
[SourceQuality "1"]

1. e4 e5 2. Nf3 Nc6 3. Bb5 a6 4. Ba4 Nf6 5. 0-0 Be7 6. Re1 b5 7. Bb3 0-0 8. a3 d6 9. c3 Na5 10. Ba2 c5 11. d3 c4 12. dxc4 bxc4 13. Nbd2 Qc7 14. Qe2 Be6 15. Ng5 Bg4 16. f3 Bd7 17. Nxc4 Bb5 18. b3 Nxb3 19. Bxb3 Rac8 20. Nh3 Bxc4 21. Bxc4 Qxc4 22. Bb2 Nd7 23. Nf2 Nb6 24. Ng4 Qxe2 25. Rxe2 Bg5 26. Bc1 Bd8 27. Ne3 Rxc3 28. Kf2 Bh4+ 29. Kf1 Rfc8 30. Bd2 R3c6 31. Rd1 Bd8 32. Kf2 Na4 33. Nd5 h6 34. Rb1 Nb6 35. Nb4 Rc4 36. Nxa6 Ra4 37. Nb4 Rxa3 38. Kg3 Kh7 39. Re3 1/2-1/2

[Event "RC-2012-0-00105"]
[Site "LSS email"]
[Date "2012.10.11"]
[Round "?"]
[White "Korinek, Jaroslav"]
[Black "Draba, Henryk"]
[Result "1/2-1/2"]
[WhiteElo "1803"]
[BlackElo "1636"]
[PlyCount "61"]
[EventDate "2012.08.10"]
[EventType "tourn (corr)"]
[EventRounds "6"]
[EventCountry "GER"]
[SourceTitle "Telechess CBM 163"]
[Source "ChessBase"]
[SourceDate "2014.11.11"]
[SourceVersion "2"]
[SourceVersionDate "2014.11.11"]
[SourceQuality "1"]

1. d4 d5 2. Nf3 Nf6 3. Bf4 c5 4. Nc3 e6 5. e3 a6 6. Be2 cxd4 7. exd4 Nc6 8. Qd2 Bd6 9. 0-0 0-0 10. Rad1 Qc7 11. Bxd6 Qxd6 12. Bd3 Re8 13. Rfe1 h6 14. a3 b5 15. Ne2 Bb7 16. c3 Na5 17. Qc2 Rac8 18. Ng3 Rc7 19. Ne5 Nc4 20. f4 h5 21. Nh1 Qd8 22. Nf2 Qe7 23. Nh3 Ne4 24. Bxe4 dxe4 25. Nxc4 bxc4 26. Re3 g6 27. Qe2 Bd5 28. Rg3 Kf8 29. Ng5 f5 30. Qf2 Rb8 31. Re3 1/2-1/2

[Event "RC-2012-0-00105"]
[Site "LSS email"]
[Date "2012.10.11"]
[Round "?"]
[White "Willmann, Bernd"]
[Black "Draba, Henryk"]
[Result "1-0"]
[WhiteElo "1795"]
[BlackElo "1636"]
[PlyCount "103"]
[EventDate "2012.08.10"]
[EventType "tourn (corr)"]
[EventRounds "6"]
[EventCountry "GER"]
[SourceTitle "Telechess CBM 163"]
[Source "ChessBase"]
[SourceDate "2014.11.11"]
[SourceVersion "2"]
[SourceVersionDate "2014.11.11"]
[SourceQuality "1"]

1. c4 c5 2. Nf3 Nc6 3. Nc3 Nf6 4. g3 e5 5. Bg2 d6 6. 0-0 Be7 7. d3 0-0 8. Bg5 Be6 9. Nd2 a6 10. e3 Rb8 11. a3 Nd7 12. Bxe7 Nxe7 13. Nde4 b5 14. cxb5 d5 15. Ng5 axb5 16. b4 Nf5 17. Nxe6 fxe6 18. Rb1 d4 19. exd4 cxb4 20. axb4 Nxd4 21. Ne2 Nf6 22. Ra1 Qd6 23. Nxd4 Qxd4 24. Qb3 Rb6 25. Ra7 g6 26. Bh3 Rf7 27. Qa2 Rd6 28. Rxf7 Kxf7 29. Rc1 Ne8 30. Rc5 Qxd3 31. Rxe5 Nc7 32. Rc5 Na6 33. Bf1 Qd4 34. Rc8 Kg7 35. Bxb5 Nxb4 36. Qa8 Kh6 37. Rc7 Rd8 38. Qb7 Qh8 39. Qe4 Qd4 40. Qxe6 Rf8 41. Qh3+ Kg5 42. Qf1 Rf5 43. h4+ Kf6 44. Bc4 Nd5 45. Bxd5 Rxd5 46. Qa6+ Rd6 47. Qa8 Qd1+ 48. Kh2 Qd2 49. Qf8+ Ke5 50. Qe7+ Re6 51. Qc5+ Kf6 52. Qf8+ 1-0

[Event "CP-2012-P-00018"]
[Site "LSS email"]
[Date "2012.10.01"]
[Round "?"]
[White "Draba, Henryk"]
[Black "Topot, Iwan"]
[Result "1/2-1/2"]
[WhiteElo "1622"]
[BlackElo "1746"]
[PlyCount "115"]
[EventDate "2012.10.05"]
[EventType "tourn (corr)"]
[EventRounds "6"]
[EventCountry "GER"]
[SourceTitle "Telechess CBM 161"]
[Source "ChessBase"]
[SourceDate "2014.07.16"]
[SourceVersion "1"]
[SourceVersionDate "2014.07.16"]
[SourceQuality "1"]

1. d4 b6 2. e4 Bb7 3. Nc3 e6 4. Nf3 Bb4 5. Bd3 Nf6 6. Bg5 h6 7. Bxf6 Bxc3+ 8. bxc3 Qxf6 9. 0-0 d5 10. exd5 Bxd5 11. Ne5 0-0 12. Qh5 Qg5 13. Qxg5 hxg5 14. Rae1 Nc6 15. c4 Nxe5 16. Rxe5 Bb7 17. Rxg5 Rfd8 18. Rd1 Rd7 19. c5 Rad8 20. c3 Bd5 21. cxb6 cxb6 22. a4 Rc7 23. Rg3 f5 24. Be2 Bc4 25. Kf1 e5 26. Rg5 Bxe2+ 27. Kxe2 Rxc3 28. d5 Rc2+ 29. Kf1 Ra2 30. Rxf5 Rf8 31. Rxf8+ Kxf8 32. Re1 Rxa4 33. Rxe5 Rd4 34. Ke2 a5 35. Ke3 Rd1 36. Rh5 a4 37. Rh8+ Ke7 38. Rg8 Kf7 39. Rd8 Ke7 40. Rb8 Rxd5 41. Rxb6 Ra5 42. Rb2 a3 43. Ra2 Kf6 44. f4 Kf5 45. g3 Kg4 46. Kf2 Kh3 47. Kf3 g5 48. fxg5 Rf5+ 49. Ke4 Rxg5 50. Rxa3 Kxh2 51. Kf4 Rg8 52. g4 Rf8+ 53. Ke5 Rg8 54. Ra4 Kg3 55. Kf5 Rf8+ 56. Kg6 Rg8+ 57. Kf5 Rf8+ 58. Kg6 1/2-1/2

[Event "CP-2012-P-00018"]
[Site "LSS email"]
[Date "2012.10.01"]
[Round "?"]
[White "Zaitseva, Viktoriya"]
[Black "Draba, Henryk"]
[Result "1/2-1/2"]
[WhiteElo "1457"]
[BlackElo "1622"]
[PlyCount "97"]
[EventDate "2012.10.05"]
[EventType "tourn (corr)"]
[EventRounds "6"]
[EventCountry "GER"]
[SourceTitle "Telechess CBM 161"]
[Source "ChessBase"]
[SourceDate "2014.07.16"]
[SourceVersion "1"]
[SourceVersionDate "2014.07.16"]
[SourceQuality "1"]

1. Nf3 Nf6 2. g3 d5 3. Bg2 c6 4. 0-0 Bg4 5. d3 Nbd7 6. Nbd2 e5 7. e4 dxe4 8. dxe4 Bc5 9. h3 Bh5 10. c3 0-0 11. Qe2 a5 12. Nc4 b5 13. Ncd2 Qc7 14. a4 Rab8 15. g4 Bg6 16. Nh4 Rfd8 17. Nxg6 hxg6 18. Rd1 Nf8 19. Nb3 Rxd1+ 20. Qxd1 Bb6 21. Qc2 Ne6 22. Bf1 Ne8 23. c4 bxa4 24. Rxa4 c5 25. Ra1 g5 26. Be3 Nd6 27. f3 Nd4 28. Bxd4 cxd4 29. Bd3 Nb7 30. Kf1 Bc5 31. Be2 Bb4 32. Nc1 Kh7 33. Nd3 Nc5 34. Nxc5 Qxc5 35. Bd3 Kh6 36. Qc1 Kg6 37. Kg2 Qa7 38. Qc2 Qb7 39. Qf2 Qe7 40. Ra2 Rd8 41. Qc2 Qe6 42. Ra1 Rh8 43. Qa4 Rb8 44. Rc1 Qd6 45. c5 Bxc5 46. Rc2 Qc7 47. Qc4 Rc8 48. Qd5 Qe7 49. Qa2 1/2-1/2